| Tag |
First Indicator |
Second Indicator |
Subfields |
| LEADER |
00000cam a2200000Ia 4500 |
| 001 |
in00002557621 |
| 005 |
20151201153837.0 |
| 007 |
he amb016baca |
| 007 |
hd bfa008baaa |
| 008 |
940719s1867 enkaf jb 000 1 eng d |
| 035 |
|
|
|a (OCoLC)ocm30790689
|
| 037 |
|
|
|a CL0021000005
|b University Microfilms International
|
| 037 |
|
|
|b University Microfilms International, 300 North Zeeb Road, Ann Arbor, MI 48106
|
| 040 |
|
|
|a OPP
|c OPP
|d UtOrBLW
|
| 043 |
|
|
|a e-uk-en
|
| 049 |
|
|
|a UMIA
|
| 090 |
|
|
|a PZ5
|b .O67 1990 no.005:029.
|
| 100 |
1 |
|
|a Paget, Francis Edward,
|d 1806-1882.
|
| 245 |
1 |
0 |
|a Tales of the village children.
|n First series /
|c by F.E. Paget.
|
| 250 |
|
|
|a 6th ed.
|
| 264 |
|
1 |
|a London :
|b J. Masters,
|c 1867.
|
| 300 |
|
|
|a ix, 199, 4, 40 pages, 5 unnumbered leaves of plates :
|b illustrations
|
| 336 |
|
|
|a text
|b txt
|2 rdacontent
|
| 337 |
|
|
|a microform
|b h
|2 rdamedia
|
| 338 |
|
|
|a microfiche
|b he
|2 rdacarrier
|
| 490 |
1 |
|
|a The Juvenile Englishman's library
|
| 500 |
|
|
|a Includes publisher's advertisements: 4, 40 pages at end.
|
| 500 |
|
|
|a Reproduction of original in the Bodleian Library.
|
| 510 |
4 |
|
|a Opie
|c A 859
|
| 533 |
|
|
|a Microfiche.
|b Ann Arbor, Mich.
|c University Microfilms International,
|d 1992.
|e 3 microfiche.
|f (Opie collection of children's literature ; 005:029)
|7 s1992 miun b
|
| 500 |
|
|
|a Microform.
|
| 650 |
|
0 |
|a Conduct of life
|v Juvenile fiction.
|
| 650 |
|
0 |
|a Country life
|z England
|v Juvenile fiction.
|
| 830 |
|
0 |
|a Opie collection of children's literature ;
|v 005:029.
|
| 830 |
|
0 |
|a Juvenile Englishman's library.
|
| 999 |
|
|
|a MARS
|
| 999 |
f |
f |
|s 1791f7e3-a3fb-31bc-b78d-a107d92c3d01
|i 213c3b00-e2a6-3892-95ef-d52d306f0d32
|t 0
|
| 952 |
f |
f |
|a Texas A&M University
|b College Station
|c Sterling C. Evans Library
|d Evans: Microforms Fiche (3rd floor)
|t 0
|e PZ5 .O67 1990 no.005:029.
|h Library of Congress classification
|
| 998 |
f |
f |
|a PZ5 .O67 1990 no.005:029.
|t 0
|l Evans: Microforms Fiche (3rd floor)
|